Govt. of
Madhya Pradesh

वाणिज्‍य अध्‍यायवार सॉल्‍व्‍ड पेपर्स प्र (Record no. 66904)

MARC details
000 -LEADER
fixed length control field 00609nam a22001577a 4500
003 - CONTROL NUMBER IDENTIFIER
control field macl
005 - DATE AND TIME OF LATEST TRANSACTION
control field 20240602121906.0
008 - FIXED-LENGTH DATA ELEMENTS--GENERAL INFORMATION
fixed length control field 240602b |||||||| |||| 00| 0 eng d
040 ## - CATALOGING SOURCE
Transcribing agency macl
082 ## - DEWEY DECIMAL CLASSIFICATION NUMBER
Classification number 330
100 ## - MAIN ENTRY--PERSONAL NAME
Personal name प्रधान सम्‍पादन आनन्‍द कुमार महाजन
9 (RLIN) 82398
245 ## - TITLE STATEMENT
Title वाणिज्‍य अध्‍यायवार सॉल्‍व्‍ड पेपर्स प्र
260 ## - PUBLICATION, DISTRIBUTION, ETC. (IMPRINT)
Place of publication, distribution, etc. प्रयागराज
Name of publisher, distributor, etc. यूथ कॉम्पिटिशन
650 ## - SUBJECT ADDED ENTRY--TOPICAL TERM
Topical term or geographic name as entry element वाणिज्‍य
9 (RLIN) 74606
942 ## - ADDED ENTRY ELEMENTS (KOHA)
Source of classification or shelving scheme
Koha item type Competitive Books
Holdings
Withdrawn status Lost status Source of classification or shelving scheme Damaged status Not for loan Home library Current library Date acquired Total Checkouts Full call number Barcode Date last seen Price effective from Koha item type Date last checked out
          MACL MACL 02/06/2024   330 DPI002201 02/06/2024 02/06/2024 Competitive Books  
          MACL MACL 02/06/2024 1 330 DPI002200 18/01/2026 02/06/2024 Competitive Books 28/12/2025